Negociación colectiva en Chile: La debilidad de un derecho imprescindible
Saved in:
| Format: | Book |
|---|---|
| Language: | Spanish |
| Published: |
Santiago
División de Estudios. Dirección del Trabajo. Gobierno de Chile
2009
|
| Subjects: | |
| Tags: |
Add Tag
No Tags, Be the first to tag this record!
|
MARC
| LEADER | 00000nam a2200000 a 4500 | ||
|---|---|---|---|
| 001 | UCG0864 | ||
| 003 | CL-VaPUC | ||
| 008 | 100408e20091200CL |||||||||||||||||spa|d | ||
| 082 | 0 | 4 | |a 344.01 |b NEG |2 21 |
| 245 | 1 | 0 | |a Negociación colectiva en Chile: La debilidad de un derecho imprescindible |
| 300 | |a 203 p | ||
| 942 | |c BK | ||
| 945 | |d 20100408 00:00:00 |a dcastane | ||
| 260 | |a Santiago |b División de Estudios. Dirección del Trabajo. Gobierno de Chile |c 2009 | ||
| 650 | 7 | |a DERECHO LABORAL |2 CL-VaPUC |9 15 | |
| 650 | 0 | |a Negociación colectiva |9 312433 | |
| 650 | 0 | |a Código del trabajo |9 255479 | |
| 650 | 7 | |a PLAN LABORAL |2 CL-VaPUC |9 358115 | |
| 650 | 7 | |a SINDICALISMO |2 CL-VaPUC |9 548518 | |
| 583 | |a last modification |c 20131230 05:44:58 |k Rodrigo Vera | ||
| 999 | |c 340382 |d 340380 | ||
| 952 | |0 0 |1 0 |4 0 |6 344_010000000000000_NEG_2009 |7 0 |8 A |9 435077 |a BIBDER |b BIBDER |d 2019-11-22 |i 4659570 |o 344.01 NEG 2009 |p 4659570 |r 2023-01-25 |w 2019-11-22 |y BK |k DER | ||